000 00601nam a2200169 i 4500
001 74223
003 ES-MaACL
005 20231207063016.0
007 t|
008 040916s1915 sp ||||1| spa d
100 1 _aAmezúa y Mayo, Agustín G. de,
_d1881-1956
_921219
245 1 3 _aLa batalla de Lucena y el verdadero retrato de Boabdil
_b: estudio histórico-artístico /
_cpor Agustín G. de Amezúa y Mayo.
260 _aMadrid :
_b[s.n.,
_c1915] (
_fImp. Clásica Española)
300 _aXI, 203 p., 2 lám. ;
_c1915.
852 _aES-MaACL
_jD-5284
_bR.30015
999 _c74223
_d74223